Tilastot visalle Karibian valtiot ja territoriot

Klikkaa tästä pelataksesi tätä visaa!

Yleistilastot

  • Tätä visaa on pelattu 258 kertaa
  • Keskiarvotulos 24 / 37

Vastaustilastot

Mikä se on?Vastaus% Oikein
Itsenäinen valtioJamaika
92%
Itsenäinen valtioKuuba
92%
Itsenäinen valtioDominica
91%
Itsenäinen valtioHaiti
90%
Itsenäinen valtioDominikaaninen tasavalta
89%
Itsenäinen valtioSaint Lucia
89%
Itsenäinen valtioTrinidad ja Tobago
87%
Itsenäinen valtioBarbados
85%
Itsenäinen valtioPanama
85%
Itsenäinen valtioSaint Vincent ja Grenadiinit
85%
Itsenäinen valtioAntigua ja Barbuda
84%
Itsenäinen valtioBelize
83%
Itsenäinen valtioHonduras
83%
Itsenäinen valtioCosta Rica
82%
Itsenäinen valtioGrenada
82%
Itsenäinen valtioSaint Kitts ja Nevis
82%
Itsenäinen valtioNicaragua
80%
Itsenäinen valtioMeksiko
78%
Itsenäinen valtioGuatemala
77%
Itsenäinen valtioVenezuela
69%
Itsenäinen valtioKolumbia
65%
Yhdysvaltain territorioPuerto Rico
65%
Alankomaiden kuningaskunnan maaAruba
53%
Britannian merentakainen alueBrittiläiset Neitsytsaaret
53%
Yhdysvaltain territorioYhdysvaltain Neitsytsaaret
50%
Alankomaiden kuningaskunnan maaCuraçao
49%
Ranskan merentakainen alueMartinique
41%
Britannian merentakainen alueCaymansaaret
38%
Alankomaiden kuningaskunnan maaSint Maarten
37%
Britannian merentakainen alueAnguilla
36%
Ranskan merentakainen alueGuadeloupe
36%
Britannian merentakainen alueMontserrat
36%
Alankomaiden erityiskuntaBonaire
31%
Ranskan merentakainen paikallishallintoalueSaint-Martin
31%
Alankomaiden erityiskuntaSaba
24%
Alankomaiden erityiskuntaSint Eustatius
22%
Ranskan merentakainen paikallishallintoalueSaint Barthélemy
19%

Tulosjakauma

Persentiili vastausten määrän mukaan

Jokaisen tuloksen saaneiden osuus

Tuloshistoriasi

Et ole pelannut tätä visaa